خطة التنمية الاقتصادية والاجتماعية لعام 95 / 1996 العام الرابع من الخطة الخمسية الثالثة ( 92 / 93 - 96 / 1997 ) : مج. 1، المكونات الرئيسية والقطاعية.

أصبح تخطيط التنمية من أهم السمات التي تميز بها عهد مبارك. وإن تواصل جهود التخطيط لمستقبل التنمية في مصر لا يقتصر على إستشراف التغيرات المحتملة ومساراتها المتوقعة وإنما يستوجب في نفس الوقت مراجعة وتقييم الأداء التنموي في الفترة المنقضية....

全面介绍

Saved in:
书目详细资料
企业作者: جمهورية مصر العربية. وزارة التخطيط
格式: 序列
语言:阿拉伯语
出版: القاهرة : وزارة التخطيط. 1995.
主题:
标签: 添加标签
没有标签, 成为第一个标记此记录!

MARC

LEADER 00000nas a22000007a 4500
003 INP
005 20190404140953.0
008 180312c1995 ua j|||fr i00| ||ara d
952 |0 0  |1 0  |4 0  |6 338_900000000000000_خ_ط  |7 0  |8 plans  |9 11464  |a INP  |b INP  |c JOUR  |d 2018-06-19  |l 0  |o 338.9 خ ط  |p 012149  |r 2022-03-28 00:00:00  |w 2018-06-19  |y PL  |0 0  |0 0 
952 |0 0  |1 0  |4 0  |6 338_900000000000000_خ_ط  |7 0  |8 plans  |9 13458  |a INP  |b INP  |c JOUR  |d 2018-08-16  |l 0  |o 338.9 خ ط  |p 017089  |r 2022-03-28 00:00:00  |w 2018-08-16  |y PL  |0 0  |0 0 
999 |c 7178  |d 7178 
040 |a EG-INP  |b ara  |c EG-INP 
082 0 4 |2 21  |a 338.9  |b خ ط 
245 0 0 |a خطة التنمية الاقتصادية والاجتماعية لعام 95 / 1996 العام الرابع من الخطة الخمسية الثالثة ( 92 / 93 - 96 / 1997 ) :   |n مج. 1،   |p المكونات الرئيسية والقطاعية. 
246 1 0 |a المكونات الرئيسية والقطاعية 
260 |a القاهرة :   |b وزارة التخطيط.  |c 1995. 
300 |a 698 ص. :   |b إيض. ؛   |c 30 سم. 
520 |a أصبح تخطيط التنمية من أهم السمات التي تميز بها عهد مبارك. وإن تواصل جهود التخطيط لمستقبل التنمية في مصر لا يقتصر على إستشراف التغيرات المحتملة ومساراتها المتوقعة وإنما يستوجب في نفس الوقت مراجعة وتقييم الأداء التنموي في الفترة المنقضية. 
650 7 |2 qrmak  |a الأحوال الاقتصادية. 
650 7 |2 qrmak  |a التنمية الاقتصادية   |x الجوانب الإجتماعية  |z مصر. 
650 7 |2 qrmak  |a التنمية الإجتماعية. 
650 7 |2 qrmak  |a الهيئات الاقتصادية. 
650 7 |2 qrmak  |a الموازنات التخطيطية. 
710 1 |a جمهورية مصر العربية.  |b وزارة التخطيط. 
901 |a EGPV20 
902 |a EGPV20 
903 |a original 
942 |2 ddc  |c PL